LEADER 00786nam0-22002771i-450- 001 990003346690403321 005 20080716141918.0 035 $a000334669 035 $aFED01000334669 035 $a(Aleph)000334669FED01 035 $a000334669 100 $a20030910d1955----km-y0itay50------ba 101 0 $aita 105 $ay-------001yy 200 1 $a<>SHOCK OF RECOGNITION 210 $aNEW YORK$cTHE UNIVERSAL LIBRERY$d1955 610 0 $aStiria e Critica Letteraria Letteratura Americana 676 $a809/810 700 1$aWilson,$bEdmund$f<1895-1972>$0132603 801 0$aIT$bUNINA$gRICA$2UNIMARC 901 $aBK 912 $a990003346690403321 952 $a809/810 WIL$bLINGUE 033001$fDECLI 959 $aDECLI 996 $aSHOCK OF RECOGNITION$9442961 997 $aUNINA LEADER 01117nam0 22002891i 450 001 UON00052329 005 20231205102231.493 010 $a20-203-8506-6 100 $a20020107d2000 |0itac50 ba 101 $afre 102 $aFR 105 $a|||| 1|||| 200 1 $aEcrire a Sumer$eL'invention du cunéiforme$fJean-Jacques Glassner 210 $aParis$cEditions du Seuil$d2000 215 $a304 p.$cill$d20 cm 316 $afatt. M 326564 del 7.2.01$5IT-UONSI MESIIC/016 N 606 $aMESOPOTAMIA$xSCRITTURA$xORIGINI$3UONC008447$2FI 620 $aFR$dParis$3UONL002984 686 $aMES II$cMESOPOTAMIA - LINGUISTICA$2A 700 1$aGLASSNER$bJean-Jacques$3UONV002687$0635014 712 $aÉditions du Seuil$3UONV254259$4650 801 $aIT$bSOL$c20240220$gRICA 899 $aSIBA - SISTEMA BIBLIOTECARIO DI ATENEO$2UONSI 912 $aUON00052329 950 $aSIBA - SISTEMA BIBLIOTECARIO DI ATENEO$dSI MES II C 016 N $eSI SA 95538 5 016 N fatt. M 326564 del 7.2.01 996 $aEcrire a Sumer$91145586 997 $aUNIOR